Statistiken für Die zehn größten Städte Niedersachsens

Klicken Sie hier um das Quiz zu spielen!

Allgemein

  • Dieses Quiz wurde 146 mal gespielt
  • Das Durchschnittsergebnis liegt bei 8 aus 10

Antwortstatistiken

EinwohnerStadt% Korrekt
545.045Hannover
100%
251.804Braunschweig
94%
172.830Oldenburg
93%
167.366Osnabrück
91%
125.961Wolfsburg
86%
118.946Göttingen
74%
101.858Hildesheim
64%
104.548Salzgitter
64%
76.837Lüneburg
55%
75.385Delmenhorst
48%

Verteilung der Resultate

Perzentil nach korrekt beantworteten Fragen

Anzahl Personen mit jedem Resultat

Ihre Resultats-Entwicklung

Sie haben dieses Quiz noch nicht gespielt